| 000 | 00576nam a2200193Ia 4500 | ||
|---|---|---|---|
| 003 | GCL | ||
| 008 | 140319s9999 xx 000 0 ara d | ||
| 040 |
_aGCL / _cGCL |
||
| 082 | 0 | 4 |
_a214 _bم ف |
| 100 | 1 | _aمحمد بن صالح بن عثيمينى | |
| 245 | 1 | 0 |
_aالفتاوى النسائية / _cمحمد بن صالح بن عثيمينى |
| 260 |
_a[S.N] : _bدائرة الاعلام ، _c1986 |
||
| 300 | _a63 ص | ||
| 490 | _a | ||
| 650 | 0 | 4 | _aالاسلام |
| 650 | 0 | 4 | _aفقه اسلامى |
| 650 | 0 | 4 | _aالنساء فى الاسلام |
| 942 |
_2ddc _cBK |
||
| 999 |
_c54080 _d54080 |
||